00435nam a2200157 a 45000010005000000030009000050080041000140400028000550820015000831000022000982450045001202600036001653000015002014900030002166500031002463832CO-ViMGA141112s2004 ck r 000 u spa d aCO-ViMGAbspacCO-ViMGA04a636.2 C6781 aCorura, Amilcar E10aProducción de ganado bovino para carne aBuenos Aires : bAteneo, c1991 a224 p : il aAgronomía y veterinaria14aGANADO VACUNO - PRODUCCION